CPU Start-Up Quiz - Statistics

General Stats
  • This quiz has been taken 98 times
  • The average score is 2 of 9
Answer Stats
Question Answer % Correct
What does BIOS stand for? Basic Input/Output System
85%
Where is the above stored? Read-Only Memory
57%
What does the BIOS then search for? Operating System
28%
What does BIOS initiate to check that the hardware is operating correctly? Power-On Self Test
27%
By default, where does the BIOS search for the above? Hard drive
16%
How does the CPU load the above above above? Executes the boot loader
14%
Where in the above does the BIOS search for the above above? Master Boot Record
5%
Where does the instruction point to? First address of BIOS
4%
What type of instruction is triggered when the CPU is turned on? Jump
4%
No matching quizzes found
Score Distribution
Percent of People with Each Score
Percentile by Number Answered
Your Score History
You have not taken this quiz